000 00860nam a2200253Ia 4500
003 OSt
005 20221006154159.0
006 a|||||r|||| 00| 0
007 ta
008 221006b |||||||| |||| 00| 0 eng d
020 _c
_295.95 (set Price)
024 _a34,640
037 _b29808, 31/03/2010, Segment Book Distributor
_cTextual
040 _aEASL
_cEASL
_beng
041 _2eng
_aeng
082 _aa47,141,N99, P4.1-.2
100 _aCole James H
245 0 _aTwentieth century China
_b An annotated bibliography of reference works in Chinese, Japanese, and western languages, 2 Vols.
260 _aArmonk
_bM. E. Sharpe
_c2004
300 _a1-590-1427p.
_ccm.
490 _v1: A-I 1 BB
942 _ha47,141,N99, P4.1-.2
_cTEXL
_2CC
999 _c1102726
_d1102726